Decret dels estudis d'avaluació de la mobilitat generada : aplicació per part dels municipis aplicació per part dels municipis
Publicado:
Barcelona :
Diputació. Àrea d'Infraestructures, Urbanisme i Habitatge. Servei de Vies Locals ,
2007
Descripción Física:
1 carpeta
Idioma:
Catalán
MARC
| LEADER | 00000nam a2200000uc 4500 | ||
|---|---|---|---|
| 001 | 27015085 | ||
| 008 | s2007||||sp ||||gr|||| ||| ||cat|d | ||
| 040 | |a BGR |b cat | ||
| 080 | |a Bib-788 | ||
| 245 | 0 | 0 | |a Decret dels estudis d'avaluació de la mobilitat generada : |b aplicació per part dels municipis |
| 260 | |a Barcelona : |b Diputació. Àrea d'Infraestructures, Urbanisme i Habitatge. Servei de Vies Locals, |c 2007 | ||
| 300 | |a 1 carpeta | ||
| 500 | |a Jornada celebrada a la Sala d'actes del recinte Escola Industrial Barcelona, el 2 de febrer de 2007 | ||
| 650 | 1 | 0 | |a Transport urbà |9 9061 |
| 650 | 1 | 0 | |a Mobilitat urbana |9 19583 |
| 710 | |9 53817 |a Barcelona (Catalunya : Província). |b Servei de Vies Locals | ||
| 942 | |c ARXIU |2 udc |n 1 | ||
| 952 | |0 0 |1 0 |4 0 |6 BIB788 |7 1 |9 62693 |a Arxiu |b Arxiu |d 2022-07-07 |l 0 |o Bib-788 |p 26182 |r 2022-07-07 00:00:00 |w 2022-07-07 |y ARXIU |z Donatiu BGR | ||
| 999 | |c 20562 |d 20562 | ||